Statistics for Rulers of France

Click here to take the quiz!

General Stats

  • This quiz has been taken 25 times
    (16 since last reset)
  • The average score is 42 of 52

Answer Stats

ReignAnswer% Correct
1815Napoleon I
100%
1804-1814
(Emperor of the French)
Napoleon I
100%
1852-1870Napoleon III
100%
843-877Charles II
92%
884-887
(The Fat)
Charles II
92%
898-922
(The Simple)
Charles III
92%
1322-1328Charles IV
92%
1560-1574Charles IX
92%
1364-1380Charles V
92%
1380-1422Charles VI
92%
1422-1461Charles VII
92%
1483-1498Charles VIII
92%
1824-1830Charles X
92%
1316John I
92%
1350-1364John II
92%
877-879Louis II
92%
879-882
(Ruled the North)
Louis III
92%
936-954Louis IV
92%
1226-1270Louis IX
92%
986-987Louis V
92%
1108-1137Louis VI
92%
1137-1180Louis VII
92%
1223-1226Louis VIII
92%
1314-1316Louis X
92%
1461-1483Louis XI
92%
1498-1515Louis XII
92%
1610-1643Louis XIII
92%
1643-1715Louis XIV
92%
1715-1774Louis XV
92%
1774-1792Louis XVI
92%
1515-1547Francis I
85%
1559-1560Francis II
85%
1031-1060Henry I
85%
1547-1559Henry II
85%
1574-1589Henry III
85%
1589-1610Henry IV
85%
1060-1108Philip I
77%
1180-1223Philip II
77%
1270-1285Philip III
77%
1285-1314Philip IV
77%
1316-1322Philip V
77%
1328-1350Philip VI
77%
922-923Robert I
69%
996-1031Robert II
69%
879-884
(Ruled the South)
Carloman II
54%
1830-1848Louis Philippe I
54%
987-996Hugh
46%
1814-1815Louis XVIII
46%
1815-1824Louis XVIII
46%
954-986Lothair
38%
888-898Odo
23%
923-936Rudolph
23%

Score Distribution

Percentile by Number Answered

Percent of People with Each Score

Your Score History

You have not taken this quiz since the last reset